书目信息 |
| 题名: |
想赢福格森联执教手记
|
|
| 作者: | 福格森 著 | |
| 分册: | ||
| 出版信息: | 北京 人民体育出版社 1999.09 |
|
| 页数: | 274页 | |
| 开本: | 32开 | |
| 丛书名: | ||
| 单 册: | ||
| 中图分类: | K835.615.4 | |
| 科图分类: | ||
| 主题词: | 历史 , 地理 | |
| 电子资源: | ||
| ISBN: | 7-5009-1897-6 | |
| 000 | 00599nam0 2200205 45 | |
| 001 | 0012060894 | |
| 005 | 20001206081859.0 | |
| 010 | @a7-5009-1897-6@d19.00元 | |
| 100 | @a20001206d1999 km y0chiy0120 ea | |
| 101 | 0 | @achi |
| 105 | @a z 000yy | |
| 200 | 1 | @a想赢福格森联执教手记@AXiang Ying Fu Ge Sen Lian Zhi Jiao Shou Ji@f(英)福格森著@F(Ying)Fu Ge Sen Zhu |
| 210 | @a北京@c人民体育出版社@d1999.09 | |
| 215 | @a274页@d32开 | |
| 606 | 0 | @a历史 |
| 606 | 0 | @a地理 |
| 690 | @aK835.615.4@v3 | |
| 701 | 0 | @a福格森@4著 |
| 801 | @aCN@bPftUser@c20001206 | |
| 905 | @b514490-491@dK835.615.4@eM757@f2 | |
| 想赢福格森联执教手记/(英)福格森著.-北京:人民体育出版社,1999.09 |
| 274页;32开 |
| ISBN 7-5009-1897-6:19.00元 |
| ● |
| 相关链接 |
|
|
|
正题名:想赢福格森联执教手记
索取号:K835.615.4/M757
 
预约/预借
| 序号 | 登录号 | 条形码 | 馆藏地/架位号 | 状态 | 备注 |
| 1 | 514490 | 205144903 | 社科库309/309社科库 102排3列3层/ [索取号:K835.615.4/M757] | 在馆 | |
| 2 | 514491 | 205144912 | 社科库309/309社科库 102排3列3层/ [索取号:K835.615.4/M757] | 在馆 |